000 00255nam a2200109Ia 4500
008 231212s1953 xx 000 0 und d
041 _aeng
082 _a621.384
100 _aRao G.V.
245 _aMicroprocessors and
260 _aNew York
_bMir Pub
_c1953
999 _c958372
_d958372